000 00301nam a22001337a 4500
008 190206b xxu||||| |||| 00| 0 eng d
020 _a9780895298676
041 _aeng
080 _a610
100 _a4
101 _aSHM
245 _aSmart Medicine for Healthier living
_cZand,J
942 _2udc
_cBK
999 _c54104
_d54104